[Event "55th Biel Master Open"]
[Site "Biel SUI"]
[Date "2022.07.20"]
[Round "7.35"]
[White "Sadeghi, Hassan Roger"]
[Black "Bewersdorff, Oliver"]
[Result "1/2-1/2"]
[BlackTitle "FM"]
[WhiteElo "2068"]
[BlackElo "2280"]
[WhiteFideId "1304712"]
[BlackFideId "4602897"]
[EventDate "2022.07.13"]

1. e4 e5 2. Nf3 Nc6 3. Bc4 Nf6 4. d4 exd4 5. e5 d5 6. Bb5 Ne4 7. Nxd4 Bc5 8. Be3
Bxd4 9. Qxd4 O-O 10. Bxc6 bxc6 11. Nc3 Ng5 12. O-O-O Ne6 13. Qa4 Bd7 14. Qa3 f6
15. exf6 Qxf6 16. Ne2 Rfe8 17. Rhe1 Qg6 18. Qd3 Qxg2 19. Rg1 Qh3 20. Rg3 Qh4 21.
Rdg1 Re7 22. Nd4 Nf4 23. Qd2 Nh3 24. Rd1 a5 25. Qc3 Qf6 26. Nxc6 1/2-1/2

[Event "55th Biel Master Open"]
[Site "Biel SUI"]
[Date "2022.07.20"]
[Round "7.36"]
[White "Nideroest, Bruno"]
[Black "Acikel, Mert"]
[Result "1/2-1/2"]
[WhiteElo "2258"]
[BlackElo "2172"]
[WhiteFideId "1303520"]
[BlackFideId "12956465"]
[EventDate "2022.07.13"]

1. d4 d5 2. c4 e6 3. Nf3 Nf6 4. g3 Be7 5. Bg2 O-O 6. O-O dxc4 7. Qc2 b5 8. a4
Bb7 9. axb5 a6 10. Nc3 axb5 11. Rxa8 Bxa8 12. Nxb5 Bd5 13. Rd1 c5 14. Nc3 Bb7
15. Qa4 Qb6 16. Qxc4 Ba6 17. Qa4 Nc6 18. Be3 Nb4 19. dxc5 Bxc5 20. Bxc5 Qxc5 21.
Nd4 h6 22. Na2 Rb8 23. Nxb4 Rxb4 24. Qxa6 Rxd4 25. Rxd4 Qxd4 26. Qc8+ Kh7 27.
Qc2+ g6 28. e3 Qd6 29. Bf3 h5 30. Qc3 Nd7 31. Qd4 Qc7 32. Qc3 Qb8 33. h4 Ne5 34.
Bg2 Qd6 35. Qd4 Qc7 36. Qc3 Qd6 37. Qc2 Qb4 38. Qc3 Qd6 39. Qc2 Qb4 40. Ba8 Nc4
41. Bf3 Nxb2 42. Bxh5 Nc4 43. Be2 Ne5 44. h5 Kg7 45. f4 Qe1+ 46. Kg2 Nd7 47.
hxg6 fxg6 48. Qd1 Qxd1 49. Bxd1 Kf6 50. Bg4 Nc5 51. Bd1 g5 52. Kf3 gxf4 53. Kxf4
Nd3+ 54. Kf3 Ke5 55. Be2 Nc5 56. Bb5 Kf5 57. Bc6 e5 58. Bd5 Nd7 59. g4+ Kg5 60.
Kg3 Nf6 61. Be6 e4 62. Bf5 Nd5 63. Kf2 Nf6 64. Kg3 Nd5 65. Kf2 1/2-1/2

[Event "55th Biel Master Open"]
[Site "Biel SUI"]
[Date "2022.07.20"]
[Round "7.37"]
[White "Dauth, Benjamin"]
[Black "Louis, Thibault"]
[Result "0-1"]
[WhiteTitle "FM"]
[BlackTitle "FM"]
[WhiteElo "2243"]
[BlackElo "2140"]
[WhiteFideId "4688104"]
[BlackFideId "681369"]
[EventDate "2022.07.13"]

1. e4 e5 2. Qh5 d6 3. Bc4 g6 4. Qf3 Nf6 5. d3 Bg7 6. Nc3 c6 7. a4 O-O 8. Nge2
Nbd7 9. O-O Nc5 10. h3 b6 11. Bg5 h6 12. Bc1 Bb7 13. b4 Ne6 14. b5 c5 15. Rb1
Kh7 16. Bb3 Rc8 17. Be3 Nd4 18. Bxd4 cxd4 19. Na2 d5 20. exd5 Bxd5 21. Bxd5 Qxd5
22. Qxd5 Nxd5 23. Rfc1 Rfd8 24. Kf1 h5 25. c4 dxc3 26. Nexc3 Nxc3 27. Rxc3 Rxc3
28. Nxc3 Rxd3 29. Ne4 Kh6 30. h4 Rd4 31. f3 f5 32. Ng5 Bf6 33. Ne6 Rxh4 34. Ke2
Rxa4 35. Rd1 a6 36. Rd6 Ra2+ 37. Kf1 axb5 38. Rxb6 Ra1+ 39. Kf2 Ra2+ 40. Kg3 h4+
41. Kh3 Ra1 42. Kh2 Rb1 43. Nf8 Kg7 44. Ne6+ Kf7 45. Nc5 Bg5 46. Rb7+ Kg8 47. g3
Rb2+ 48. Kh3 hxg3 49. Nd3 g2 50. Kh2 Be3 0-1

[Event "55th Biel Master Open"]
[Site "Biel SUI"]
[Date "2022.07.20"]
[Round "7.38"]
[White "Collin, Moritz Valentin"]
[Black "Aaron, Deepak"]
[Result "0-1"]
[WhiteElo "2129"]
[BlackElo "2221"]
[WhiteFideId "1342932"]
[BlackFideId "2009412"]
[EventDate "2022.07.13"]

1. d4 e6 2. c4 f5 3. Nf3 Nf6 4. g3 Bb4+ 5. Nbd2 O-O 6. Bg2 d5 7. O-O c6 8. Qc2
Bd6 9. Ne1 f4 10. Nd3 fxg3 11. hxg3 Qe8 12. Bf3 Nbd7 13. e4 e5 14. cxd5 cxd5 15.
dxe5 Nxe5 16. Nxe5 Bxe5 17. exd5 Bg4 18. Bg2 Qh5 19. Ne4 Nxe4 20. Qxe4 Bd6 21.
Bd2 Rae8 22. Qd4 Re2 23. Bc3 Rf6 24. Qxa7 Rh6 25. Rfe1 Bf3 26. Qa8+ Bf8 0-1

[Event "55th Biel Master Open"]
[Site "Biel SUI"]
[Date "2022.07.21"]
[Round "8.1"]
[White "Visakh, N R"]
[Black "Alekseenko, Kirill"]
[Result "1/2-1/2"]
[WhiteTitle "GM"]
[BlackTitle "GM"]
[WhiteElo "2503"]
[BlackElo "2708"]
[WhiteFideId "25012223"]
[BlackFideId "4135539"]
[EventDate "2022.07.13"]

1. d4 Nf6 2. c4 e6 3. Nc3 Bb4 4. Qc2 d5 5. cxd5 exd5 6. Bg5 h6 7. Bh4 Nc6 8. e3
g5 9. Bg3 h5 10. Bb5 h4 11. Be5 O-O 12. Bxc6 bxc6 13. Ne2 Ng4 14. h3 Nxe5 15.
dxe5 Qe7 16. a3 Ba5 17. O-O Qxe5 18. Nd4 Bd7 19. Na4 Bb6 20. Nc5 Bxc5 21. Qxc5
Qd6 22. Rac1 Qxc5 23. Rxc5 Rfb8 24. b4 Rb6 25. e4 dxe4 26. Rxg5+ Kh7 27. Re1 Re8
28. Re3 Kh6 29. Ra5 a6 30. f3 exf3 31. Rxf3 Re4 32. Nb3 Kg6 33. Nc5 Rd4 34. Nxa6
Rb5 35. Nc5 Be6 36. Ra8 Bd5 37. Rf2 Kg7 38. Kh2 Rc4 39. Rd2 Rc1 40. Rd4 f5 41.
Rd2 Ra1 42. Ra7 Kh6 43. Ra6 Rb6 44. b5 Rxa6 45. Nxa6 Bc4 46. Nxc7 cxb5 47. Rb2 1/2-1/2

[Event "55th Biel Master Open"]
[Site "Biel SUI"]
[Date "2022.07.21"]
[Round "8.3"]
[White "Fedoseev, Vladimir3"]
[Black "Erdos, Viktor"]
[Result "1/2-1/2"]
[WhiteTitle "GM"]
[BlackTitle "GM"]
[WhiteElo "2686"]
[BlackElo "2586"]
[WhiteFideId "24130737"]
[BlackFideId "719978"]
[EventDate "2022.07.13"]

1. d4 Nf6 2. c4 g6 3. Nc3 d5 4. cxd5 Nxd5 5. e4 Nxc3 6. bxc3 Bg7 7. Bc4 c5 8.
Ne2 Nc6 9. Be3 O-O 10. O-O b6 11. Rc1 Bb7 12. Bb5 Rc8 13. Bxc6 Bxc6 14. d5 Bd7
15. Qd2 e6 16. Nf4 Re8 17. Rfe1 e5 18. Nd3 c4 19. Nb4 a5 20. Nc2 b5 21. Rb1 Bf8
22. f4 Bd6 23. fxe5 Bxe5 24. Bd4 Qh4 25. g3 Qe7 26. Bxe5 Qxe5 27. Nd4 b4 28.
cxb4 c3 29. Qd3 f5 30. Nc6 1/2-1/2

[Event "55th Biel Master Open"]
[Site "Biel SUI"]
[Date "2022.07.21"]
[Round "8.5"]
[White "Sethuraman, S.P."]
[Black "Aryan, Chopra"]
[Result "1-0"]
[WhiteTitle "GM"]
[BlackTitle "GM"]
[WhiteElo "2623"]
[BlackElo "2610"]
[WhiteFideId "5021596"]
[BlackFideId "5084423"]
[EventDate "2022.07.13"]

1. d4 Nf6 2. c4 e6 3. Nf3 d5 4. g3 dxc4 5. Bg2 Bb4+ 6. Nc3 O-O 7. O-O Nc6 8. Re1
Rb8 9. e4 b5 10. a3 Be7 11. Bf4 Na5 12. Qc2 Nh5 13. Be3 Nf6 14. Rad1 Bb7 15. d5
exd5 16. Bxa7 Ra8 17. Bd4 c6 18. Bxf6 Bxf6 19. exd5 cxd5 20. Nxd5 Bxd5 21. Ng5
Bxg5 22. Rxd5 Qb6 23. Rxg5 Rae8 24. Rxe8 Rxe8 25. a4 Qd8 26. Rxb5 Re1+ 27. Bf1
h6 28. Qf5 Nb3 29. Rd5 Qe8 30. a5 Ra1 31. a6 Kf8 32. Kg2 Qc6 33. Qd7 Qxd7 34.
Rxd7 Nc5 35. Rc7 Nxa6 36. Rc8+ Ke7 37. Bxc4 Ra4 38. b3 Ra2 39. b4 Ra4 40. Bb5
Ra2 41. Bc4 Ra4 42. b5 Nb8 43. Bxf7 Nd7 44. Be8 Ne5 45. Bc6 Rb4 46. f4 Rb2+ 47.
Kh3 Nc4 48. Re8+ Kf6 49. Bd5 Nd2 50. Re2 1-0

[Event "55th Biel Master Open"]
[Site "Biel SUI"]
[Date "2022.07.21"]
[Round "8.7"]
[White "Mendonca, Leon Luke"]
[Black "Ganguly, Surya Shekhar"]
[Result "1-0"]
[WhiteTitle "GM"]
[BlackTitle "GM"]
[WhiteElo "2567"]
[BlackElo "2608"]
[WhiteFideId "35028561"]
[BlackFideId "5002150"]
[EventDate "2022.07.13"]

1. d4 Nf6 2. c4 e6 3. Bf4 d5 4. cxd5 exd5 5. e3 Bb4+ 6. Nc3 O-O 7. Bd3 c5 8. Ne2
Nc6 9. dxc5 Bxc5 10. O-O a6 11. Rc1 Ba7 12. Bg5 h6 13. Bxf6 Qxf6 14. Nxd5 Qxb2
15. Bc4 Bg4 16. h3 Bxe2 17. Qxe2 Qe5 18. a4 Rad8 19. Rfd1 Kh8 20. Rb1 Bb8 21. f4
Qe4 22. Qd3 Rfe8 23. Qxe4 Rxe4 24. Be2 Na5 25. Bf3 Rxa4 26. Nb6 Rxd1+ 27. Rxd1
Rb4 28. Rd8+ Kh7 29. Nd5 1-0

[Event "55th Biel Master Open"]
[Site "Biel SUI"]
[Date "2022.07.21"]
[Round "8.9"]
[White "Yu, Yangyi"]
[Black "Prraneeth, Vuppala"]
[Result "1/2-1/2"]
[WhiteTitle "GM"]
[BlackTitle "CM"]
[WhiteElo "2720"]
[BlackElo "2457"]
[WhiteFideId "8603820"]
[BlackFideId "46622373"]
[EventDate "2022.07.13"]

1. Nf3 d5 2. c4 e6 3. e3 Nf6 4. Nc3 c5 5. d4 Nc6 6. a3 dxc4 7. Bxc4 a6 8. Bd3
cxd4 9. exd4 Be7 10. O-O O-O 11. Bb1 b5 12. Qd3 Bb7 13. Bg5 g6 14. Ba2 Ng4 15.
h4 Nce5 16. Nxe5 Nxe5 17. Qe3 Nc4 18. Bxc4 bxc4 19. Rad1 Re8 20. Rfe1 Bd5 21.
Qg3 h5 22. Re5 Bxg5 23. Rxg5 Qb8 24. Re5 Kg7 25. f4 Bc6 26. Rd2 Kh7 27. Rc5 Bd5
28. Qg5 Qd8 29. Nxd5 exd5 30. Rxd5 Qb6 31. f5 Re1+ 32. Kf2 Rae8 33. fxg6+ fxg6
34. Rd7+ Kg8 35. Qd5+ Qe6 36. Qxe6+ R1xe6 37. d5 Rf6+ 38. Kg1 Rf4 39. d6 Re1+
40. Kh2 Ref1 41. Kh3 Rh1+ 42. Kg3 Rhf1 43. Kh3 Rh1+ 44. Kg3 Rhf1 45. Kh3 1/2-1/2

[Event "55th Biel Master Open"]
[Site "Biel SUI"]
[Date "2022.07.21"]
[Round "8.18"]
[White "Song, Julien"]
[Black "Gagare, Shardul"]
[Result "0-1"]
[WhiteTitle "IM"]
[BlackTitle "GM"]
[WhiteElo "2391"]
[BlackElo "2514"]
[WhiteFideId "659487"]
[BlackFideId "5037883"]
[EventDate "2022.07.13"]

1. d4 Nf6 2. c4 e6 3. Nf3 d5 4. g3 h6 5. Bg2 Bd6 6. O-O O-O 7. c5 Be7 8. b4 b6
9. Bf4 Ne4 10. Nfd2 Nxd2 11. Qxd2 Nc6 12. b5 Na5 13. Rc1 c6 14. cxb6 axb6 15.
Nc3 g5 16. Be3 Nc4 17. Qd3 c5 18. a4 Bb7 19. Bd2 cxd4 20. Qxd4 e5 21. Qd3 e4 22.
Qc2 f5 23. Be1 Rc8 24. e3 Bf6 25. Qa2 Rf7 26. Rab1 Ne5 27. Ne2 Nd3 28. Rxc8 Qxc8
29. Nd4 Bxd4 30. exd4 f4 31. a5 bxa5 32. Bxa5 fxg3 33. fxg3 Rf2 34. Qb3 Qf5 35.
Qd1 Ra2 36. Be1 Qf6 37. Kh1 Qxd4 38. Qh5 Kg7 39. Qe8 Nf2+ 40. Bxf2 Rxf2 41. Rc1
Rf7 42. Bh3 Qb2 43. Rf1 Rxf1+ 44. Bxf1 Qf6 45. Kg1 Qb6+ 46. Kh1 Qc7 47. Qe6 e3
48. b6 d4+ 49. Kg1 Qc6 50. Qxc6 Bxc6 51. Ba6 Kf6 52. b7 Bxb7 53. Bxb7 Ke5 54.
Kf1 d3 55. Bf3 Kf5 56. h3 Ke5 57. Ke1 Kd4 58. Kd1 Kc3 59. Be4 e2+ 60. Ke1 Kd4
61. Bxd3 Kxd3 62. g4 Ke3 63. h4 gxh4 64. g5 h3 0-1

[Event "55th Biel Master Open"]
[Site "Biel SUI"]
[Date "2022.07.21"]
[Round "8.20"]
[White "Sahithi Varshini M"]
[Black "Gurel, Ediz"]
[Result "*"]
[WhiteTitle "WIM"]
[BlackTitle "IM"]
[WhiteElo "2312"]
[BlackElo "2435"]
[WhiteFideId "45095248"]
[BlackFideId "44507356"]
[EventDate "2022.07.13"]

1. e4 c5 2. Nf3 e6 3. d4 cxd4 4. Nxd4 a6 5. Nc3 Qc7 6. g3 Bb4 7. Bd2 Nf6 8. Bg2
Nc6 9. Nb3 O-O 10. Ne2 Be7 11. O-O Ne5 12. Bc3 d6 13. Ned4 Bd7 14. Qe2 Rac8 15.
Rfe1 b5 16. Nf3 Bc6 17. Nxe5 dxe5 18. Ba5 Qb8 19. c3 Ba8 20. a3 Bd8 21. Bb4 Re8
22. a4 bxa4 23. Rxa4 Bc6 24. Ra3 Bb6 25. Ba5 Bb5 26. Qc2 Ba7 27. Bf3 h5 28. h3
h4 29. g4 Nh7 30. Kg2 Nf8 31. Nc1 Ng6 32. b3 Qd6 33. Ra2 Qe7 34. c4 Nf4+ 35. Kh2
Qf6 36. Bg2 Bc6 37. f3 Bb7 38. Rd1 Be3 39. Ne2 Rf8 40. Qc3 Bf2 41. Kh1 Nxe2 42.
Rxe2 Bd4 43. Qc1 Bc6 44. Be1 Rfd8 45. g5 Qe7 46. Bxh4 g6 47. Be1 Kg7 48. f4 Bb7
49. h4 Qc5 50. Bf3 exf4 51. Qxf4 Be5 52. Qc1 a5 53. Kg2 Rxd1 54. Qxd1 a4 55.
bxa4 Qxc4 56. Bg3 Bxg3 57. Kxg3 Qc7+ 58. Kg2 Qf4 59. Qe1 Ba6 60. Rb2 Rc1 61. Qf2
Bf1+ 62. Kg1 Bh3+ *

[Event "55th Biel Master Open"]
[Site "Biel SUI"]
[Date "2022.07.21"]
[Round "8.23"]
[White "Materia, Marco"]
[Black "Tanmay, Chopra"]
[Result "1/2-1/2"]
[WhiteTitle "IM"]
[BlackTitle "FM"]
[WhiteElo "2409"]
[BlackElo "2322"]
[WhiteFideId "45150451"]
[BlackFideId "25630946"]
[EventDate "2022.07.13"]

1. d4 Nf6 2. c4 e6 3. Nf3 d5 4. Nc3 c5 5. cxd5 Nxd5 6. g3 Nxc3 7. bxc3 cxd4 8.
cxd4 Bb4+ 9. Bd2 Bxd2+ 10. Qxd2 b6 11. Bg2 Bb7 12. O-O O-O 13. Rfe1 Be4 14. Ne5
Bxg2 15. Kxg2 Nc6 16. Nxc6 Qd5+ 17. e4 Qxc6 18. d5 exd5 19. exd5 Qd6 20. Re4
Rfd8 21. Rd1 Rac8 22. h4 h6 23. Qe2 Kf8 24. Qb2 h5 25. Qe2 g6 26. Rf4 Rc7 27.
Rd3 Re7 28. Qd2 Re5 29. Rdf3 Rd7 30. Rf6 1/2-1/2

[Event "55th Biel Master Open"]
[Site "Biel SUI"]
[Date "2022.07.21"]
[Round "8.28"]
[White "Aaron, Deepak"]
[Black "Stijve, Theo"]
[Result "1-0"]
[BlackTitle "FM"]
[WhiteElo "2221"]
[BlackElo "2394"]
[WhiteFideId "2009412"]
[BlackFideId "1331132"]
[EventDate "2022.07.13"]

1. c4 e6 2. Nc3 d5 3. e3 Nf6 4. a3 c5 5. cxd5 exd5 6. d4 Nc6 7. Nf3 Bg4 8. Bb5
c4 9. h3 Bxf3 10. Qxf3 Bd6 11. Bd2 a6 12. Ba4 b5 13. Bc2 Bc7 14. g4 h6 15. h4
Qe7 16. Nxd5 Qd6 17. Nxc7+ Qxc7 18. g5 Nd7 19. Be4 Rc8 20. Rg1 hxg5 21. Rxg5 Kf8
22. Bc3 f6 23. Rh5 Rxh5 24. Qxh5 Nb6 25. O-O-O b4 26. axb4 Ne7 27. d5 Qd6 28.
Rg1 Rc7 29. Qh8+ Ng8 30. Bh7 Qxd5 31. Rd1 Qf7 32. Bxg8 1-0

[Event "55th Biel Master Open"]
[Site "Biel SUI"]
[Date "2022.07.21"]
[Round "8.31"]
[White "Louis, Thibault"]
[Black "Unuk, Laura"]
[Result "0-1"]
[WhiteTitle "FM"]
[BlackTitle "IM"]
[WhiteElo "2140"]
[BlackElo "2340"]
[WhiteFideId "681369"]
[BlackFideId "14609215"]
[EventDate "2022.07.13"]

1. e4 e6 2. d4 d5 3. exd5 exd5 4. Nf3 Nc6 5. Bb5 Bd6 6. Nc3 Ne7 7. Bg5 f6 8. Bh4
a6 9. Be2 Bf5 10. Bg3 Qd7 11. Qd2 g5 12. Nd1 h5 13. Bxd6 Qxd6 14. Ne3 Be4 15.
O-O-O O-O-O 16. h4 g4 17. Ne1 Kb8 18. f3 gxf3 19. gxf3 Bh7 20. c3 Rde8 21. Bd3
Qf4 22. N3g2 Qg3 23. Nf4 Bxd3 24. Rh3 Qg8 25. Nexd3 Nf5 26. Re1 Qf7 27. Rh2 Na5
28. b3 Nc6 29. Nc5 Rxe1+ 30. Qxe1 Re8 31. Re2 Rxe2 32. Nxe2 Qe7 33. Qf2 b6 34.
Nd3 Qh7 35. Nef4 Nce7 36. Qe1 Qf7 37. Kb2 a5 38. Kc2 Ng6 39. Qe6 Qxe6 40. Nxe6
Nfxh4 41. Nef4 Nxf4 42. Nxf4 Nxf3 43. Nxh5 f5 44. Kd3 Ng5 45. Ke3 b5 46. Nf4 c6
47. Ne2 Ne6 48. Nf4 Ng7 49. Nd3 Nh5 50. c4 dxc4 51. bxc4 Kc7 52. c5 b4 53. d5
cxd5 54. Kd4 Nf6 55. Ke5 Ne4 56. Kxd5 Nc3+ 57. Kc4 Nxa2 58. Kb5 b3 59. Kxa5 Nc1
60. Nb2 f4 61. Nd1 f3 62. Ka4 b2 63. Nxb2 f2 0-1

[Event "55th Biel Master Open"]
[Site "Biel SUI"]
[Date "2022.07.21"]
[Round "8.36"]
[White "Kittler, Thorsten"]
[Black "Aydin, Gulenay"]
[Result "1/2-1/2"]
[WhiteTitle "FM"]
[BlackTitle "WFM"]
[WhiteElo "2226"]
[BlackElo "2100"]
[WhiteFideId "4607660"]
[BlackFideId "34557431"]
[EventDate "2022.07.13"]

1. d4 Nf6 2. Nf3 g6 3. g3 Bg7 4. Bg2 O-O 5. c4 d6 6. O-O Nc6 7. Nc3 a6 8. h3 e5
9. d5 Ne7 10. e4 Nd7 11. Be3 f5 12. Qd2 Nf6 13. Ng5 Nh5 14. exf5 gxf5 15. Ne2
Ng6 16. f4 exf4 17. gxf4 h6 18. Nf3 Nh4 19. Nxh4 Qxh4 20. Bf2 Qf6 21. Bf3 Qf7
22. Kh2 Kh7 23. Rg1 Bd7 24. Rg2 Rg8 25. Rag1 Bf6 26. Bd4 Bxd4 27. Qxd4 Nf6 28.
Ng3 Raf8 29. Nh5 Rxg2+ 30. Rxg2 Ne8 31. Re2 Ng7 32. Rg2 Ne8 33. Re2 Ng7 34.
Qxg7+ Qxg7 35. Nxg7 Kxg7 36. Re7+ Rf7 37. Rxf7+ Kxf7 38. Kg3 Ke7 39. Kf2 Ba4 40.
b3 Be8 41. Ke3 Bf7 42. b4 Be8 43. Bd1 Bd7 44. a4 Be8 45. a5 Bd7 46. Be2 Be8 47.
Bd3 Bg6 48. c5 Kd8 49. c6 Kc8 50. cxb7+ Kxb7 51. Kf2 Ka7 52. Kg3 Kb7 53. Kh4 Ka7
54. Be2 Bf7 55. Bf3 Kb7 56. Kg3 Ka7 57. Kf2 Kb7 58. Ke3 Ka7 59. Kd4 Kb7 60. Bd1
Be8 61. Bc2 Bg6 62. Ba4 Bh5 63. Bd7 Bg6 64. Kc4 Ka7 65. b5 Kb7 66. Kb4 Ka7 67.
bxa6 Kxa6 68. Ka4 Bf7 69. Be6 Bg6 70. Kb4 Kb7 71. Bd7 Ka6 72. Be6 Kb7 73. Kb5
Be8+ 74. Kc4 Bg6 75. Kb4 Ka6 76. Bd7 Bf7 77. Bxf5 Bxd5 78. Bd3+ Kb7 79. f5 Bf7
80. Bb5 c6 81. Be2 c5+ 82. Kb5 Be8+ 83. Kc4 Bf7+ 84. Kb5 1/2-1/2

[Event "55th Biel Master Open"]
[Site "Biel SUI"]
[Date "2022.07.22"]
[Round "9.1"]
[White "Alekseenko, Kirill"]
[Black "Muradli, Mahammad"]
[Result "1/2-1/2"]
[WhiteTitle "GM"]
[BlackTitle "GM"]
[WhiteElo "2708"]
[BlackElo "2523"]
[WhiteFideId "4135539"]
[BlackFideId "13409301"]
[EventDate "2022.07.13"]

1. e4 c5 2. Nf3 d6 3. Bb5+ Bd7 4. c4 Nc6 5. Nc3 e5 6. d3 Nge7 7. h4 h6 8. a3 g6
9. h5 g5 10. Nd2 f5 11. exf5 Nxf5 12. Nde4 Be7 13. Nd5 O-O 14. b4 cxb4 15. axb4
Be6 16. Bxc6 bxc6 17. Nxe7+ Qxe7 18. O-O Kh8 19. Bb2 Kh7 20. Ra5 Nh4 21. f3 Rf7
22. Qa4 Qd7 23. b5 Bh3 24. bxc6 Qe6 25. Nxd6 Bxg2 26. Nxf7 Qh3 27. Qd1 Nxf3+ 28.
Kf2 Nh2 29. Rg1 Ng4+ 30. Ke1 Qe3+ 31. Qe2 Qxg1+ 32. Kd2 e4 33. Qxg4 Qf2+ 34. Kc3
Qe1+ 35. Kb3 Qxa5 36. Nd6 Rb8+ 37. Nb5 Rxb5+ 38. cxb5 Qxb5+ 39. Ka2 Qd5+ 40. Ka1
Qa5+ 41. Kb1 Qe1+ 42. Ka2 1/2-1/2

[Event "55th Biel Master Open"]
[Site "Biel SUI"]
[Date "2022.07.22"]
[Round "9.2"]
[White "Mendonca, Leon Luke"]
[Black "Sargsyan, Shant"]
[Result "1/2-1/2"]
[WhiteTitle "GM"]
[BlackTitle "GM"]
[WhiteElo "2567"]
[BlackElo "2661"]
[WhiteFideId "35028561"]
[BlackFideId "13306766"]
[EventDate "2022.07.13"]

1. c4 Nf6 2. Nf3 e6 3. b3 d5 4. Bb2 b6 5. g3 Bb7 6. Bg2 dxc4 7. bxc4 c5 8. O-O
Be7 9. d3 O-O 10. Nbd2 Qc7 11. Be5 Qc8 12. Bc3 Nc6 13. Qb3 Nd7 14. Qb2 Bf6 15.
Bxf6 Nxf6 16. Ne5 Nxe5 17. Qxe5 Nd7 18. Bxb7 Nxe5 19. Bxc8 Rfxc8 20. a4 Nc6 21.
Nb3 a5 22. Rab1 Ra7 23. Nd2 Nb4 24. f4 Rd7 25. Kf2 Kf8 26. g4 Ke7 27. g5 h6 28.
h4 h5 29. Nf3 1/2-1/2

[Event "55th Biel Master Open"]
[Site "Biel SUI"]
[Date "2022.07.22"]
[Round "9.3"]
[White "Sethuraman, S.P."]
[Black "Visakh, N R"]
[Result "1/2-1/2"]
[WhiteTitle "GM"]
[BlackTitle "GM"]
[WhiteElo "2623"]
[BlackElo "2503"]
[WhiteFideId "5021596"]
[BlackFideId "25012223"]
[EventDate "2022.07.13"]

1. e4 e5 2. Nf3 Nc6 3. Bb5 a6 4. Ba4 Nf6 5. O-O Be7 6. Re1 b5 7. Bb3 d6 8. c3
O-O 9. h3 Re8 10. d4 Bb7 11. a3 Bf8 12. d5 Na5 13. Ba2 c6 14. dxc6 Bxc6 15. Bg5
h6 16. Bxf6 Qxf6 17. Nbd2 Bd7 18. b4 Nc6 19. Nf1 Ne7 20. Ne3 Rec8 21. Rc1 a5 22.
Bb3 Be6 23. Bxe6 Qxe6 24. Qd3 Qb3 25. Qxb5 axb4 26. axb4 Rxc3 27. Qb7 Rxc1 28.
Rxc1 Ra2 29. Qb8 Qb2 30. Rf1 Ra4 1/2-1/2

[Event "55th Biel Master Open"]
[Site "Biel SUI"]
[Date "2022.07.22"]
[Round "9.4"]
[White "Raja, Harshit"]
[Black "Fedoseev, Vladimir3"]
[Result "0-1"]
[WhiteTitle "GM"]
[BlackTitle "GM"]
[WhiteElo "2477"]
[BlackElo "2686"]
[WhiteFideId "5089000"]
[BlackFideId "24130737"]
[EventDate "2022.07.13"]

1. e4 c5 2. Nf3 e6 3. d4 cxd4 4. Nxd4 a6 5. Bd3 Qc7 6. O-O g6 7. b3 Bg7 8. Bb2
Nf6 9. Qf3 Nh5 10. Nd2 O-O 11. Qe3 d6 12. a4 Nc6 13. Nc4 d5 14. exd5 exd5 15.
Nxc6 bxc6 16. Bxg7 Nxg7 17. Nb6 Rb8 18. a5 Bb7 19. Qg3 Qxg3 20. hxg3 Rfd8 21. c4
Ne6 22. b4 c5 23. cxd5 Bxd5 24. Bxa6 cxb4 25. Rab1 Nc5 26. Be2 b3 27. Rfc1 Be4
28. Rb2 Bc2 29. Bc4 Nd3 30. Bxd3 Rxd3 31. Nc4 Ra8 32. Ne3 Rxa5 33. Nxc2 Rc3 34.
Rcb1 bxc2 35. Rc1 Rac5 36. Kf1 Rc8 37. Ke2 R3c6 38. Kd3 Rd6+ 39. Ke2 Re8+ 40.
Kf3 h5 41. g4 h4 42. g5 Rd3+ 43. Kf4 Rd4+ 44. Kf3 f5 45. gxf6 g5 46. g4 Rf4+ 47.
Kg2 Re2 0-1

[Event "55th Biel Master Open"]
[Site "Biel SUI"]
[Date "2022.07.22"]
[Round "9.5"]
[White "Martirosyan, Haik M."]
[Black "Puranik, Abhimanyu"]
[Result "1-0"]
[WhiteTitle "GM"]
[BlackTitle "GM"]
[WhiteElo "2672"]
[BlackElo "2612"]
[WhiteFideId "13306553"]
[BlackFideId "5061245"]
[EventDate "2022.07.13"]

1. e4 e5 2. Nf3 Nc6 3. Bc4 Bc5 4. d3 Nf6 5. c3 d6 6. O-O a6 7. a4 h6 8. Re1 O-O
9. h3 Re8 10. Nbd2 Be6 11. Bxe6 Rxe6 12. b4 Ba7 13. Qc2 Qd7 14. Nf1 Ne7 15. Ng3
Ng6 16. d4 exd4 17. cxd4 Rae8 18. Be3 R6e7 19. Nd2 Nh4 20. Re2 Nh7 21. Rae1 d5
22. e5 f5 23. f4 Nf8 24. Rf2 Rf7 25. Ne2 Ne6 26. g3 Ng6 27. Nf3 Ref8 28. Ref1
Ne7 29. Nh4 g6 30. g4 Kh7 31. Rg2 Qc6 32. Qb1 Qxa4 33. Kh2 Qb5 34. gxf5 Nxf5 35.
Nxf5 gxf5 36. Rfg1 a5 37. Qe1 Rg7 38. Rxg7+ Nxg7 39. Qg3 Qxe2+ 40. Rg2 Qxg2+ 41.
Qxg2 c6 42. bxa5 Ne6 43. Qc2 Nc7 44. a6 Nxa6 45. Qb1 1-0

[Event "55th Biel Master Open"]
[Site "Biel SUI"]
[Date "2022.07.22"]
[Round "9.8"]
[White "Pranav, Anand"]
[Black "Yu, Yangyi"]
[Result "0-1"]
[WhiteTitle "IM"]
[BlackTitle "GM"]
[WhiteElo "2463"]
[BlackElo "2720"]
[WhiteFideId "46626786"]
[BlackFideId "8603820"]
[EventDate "2022.07.13"]

1. d4 Nf6 2. c4 g6 3. Nc3 d5 4. Nf3 Bg7 5. h4 dxc4 6. e4 c5 7. d5 Bg4 8. Bxc4
Nbd7 9. Qc2 O-O 10. Nh2 h5 11. Bf4 Nb6 12. Be2 Bxe2 13. Qxe2 Qd7 14. a4 Rae8 15.
Be3 e6 16. dxe6 Qxe6 17. Bxc5 Nxe4 18. Bxf8 Nxc3 19. Qxe6 Rxe6+ 20. Kf1 Kxf8 21.
bxc3 Bxc3 22. Rb1 Nxa4 23. Nf3 Re7 24. Rh3 a6 25. Ng5 b5 26. Rd3 b4 27. Rd8+ Kg7
28. Ra8 Nc5 29. Rc8 Ne4 30. Nf3 Rb7 31. Ra8 Rb6 32. Ke2 Bf6 33. Kd3 Nxf2+ 34.
Kc4 Bc3 35. Ng5 Rc6+ 36. Kb3 Nd3 37. Rf1 Nc5+ 38. Ka2 Rc7 39. Kb1 b3 40. Rc1 Bf6
41. Rb8 b2 42. Rc4 Rd7 43. Kc2 Nd3 44. Nf3 a5 0-1

[Event "55th Biel Master Open"]
[Site "Biel SUI"]
[Date "2022.07.22"]
[Round "9.9"]
[White "Lagarde, Maxime"]
[Black "Prraneeth, Vuppala"]
[Result "0-1"]
[WhiteTitle "GM"]
[BlackTitle "CM"]
[WhiteElo "2631"]
[BlackElo "2457"]
[WhiteFideId "662399"]
[BlackFideId "46622373"]
[EventDate "2022.07.13"]

1. c4 c5 2. g3 g6 3. Bg2 Bg7 4. Nc3 Nc6 5. d3 d6 6. e3 e6 7. Nge2 Nge7 8. O-O
O-O 9. b3 b6 10. Ba3 Ba6 11. Rc1 Rc8 12. d4 cxd4 13. exd4 d5 14. cxd5 exd5 15.
Bh3 Rc7 16. Qd2 Re8 17. Rc2 b5 18. Qd3 Nb8 19. Qf3 Nbc6 20. Bxe7 Nxe7 21. a3 Nc6
22. Nxd5 Ne5 23. dxe5 Rxc2 24. e6 fxe6 25. Nb4 Bb7 26. Qxb7 Rxe2 27. Qxb5 Rd2
28. Nc6 Qd5 29. Nxa7 Rf8 30. Qxd5 exd5 31. Nc6 d4 32. Be6+ Kh8 33. Bc4 d3 34.
Kg2 Bc3 35. b4 Bb2 36. a4 Rc2 37. Bd5 d2 38. b5 Rxf2+ 0-1